| 000 | 01204 a2200217 4500 | ||
|---|---|---|---|
| 001 | 62523 | ||
| 005 | 20260407155918.0 | ||
| 008 | 260407a2007 arg spa d | ||
| 003 | AR-UNSa-BCEJYS | ||
| 040 |
_aAR-UNSa-BCEJYS _bspa _cAR-UNSa-BCEJYS |
||
| 080 |
_a352 _xNiveles inferiores de la administración. Gobierno local. Administración municipal. Autoridades locales |
||
| 245 | 1 | 0 | _aDerecho y administración municipal |
| 020 | _a978-987-22930-7-9 | ||
| 264 | 1 |
_aBuenos Aires : _bCathedra Jurídica _c2007 |
|
| 300 |
_a616 p. _c23 cm. |
||
| 505 | _a1. El derecho municipal – 2. Caracteres del régimen municipal – 3. La policía municipal – 4. El nuevo dialogo federal argentino – 5. Sistemas de gobierno municipal – 6. El Concejo Deliberante – 7. Departamento Ejecutivo. Intendente – 8. La Rendición de Cuentas – 9. Adquisiciones, contrataciones y transmisión de bienes – 10. La Justicia de Faltas – 11. Procedimiento administrativo municipal – 12. Estatuto del personal municipal. Ley 11.757 – 13. Ley de Apremio Tributario – 14. El fenómeno urbano. | ||
| 041 | _aspa | ||
| 942 | _cBK | ||
| 590 | _aniveau_biblio:m niveau_hierar:0 | ||
| 100 | 1 | _aCalvente, Raúl D. | |
| 999 |
_c7690 _d7690 |
||